000 00860nam a22002411i 4500
003 SA-RiAUC
005 20250311113922.0
008 250309s1986 ua g 000 f ara c
040 _aSA-JeALM
_bara
_cSA-RiAUC
_erda
082 0 4 _a813.03
_qSA-RiAUC
090 _a813.03
_bع ب د
100 0 _aعبدالقدوس، احسان
_d1919-1990
_eمؤلف.
245 1 0 _aكانت صعبة ومغرورة /
_cإحسان عبد القدوس.
250 _aالطبعة الثانية.
264 1 _aالقاهرة :
_bمركز الأهرام،
_c1996
300 _a175 صفحة ؛
_c20 سم
336 _aنص
_btxt
_2rdacontent
_3كتاب
337 _aبدون وسيط
_bn
_2rdamedia
338 _aمجلد
_bnc
_2rdacarrier
650 7 _aالقصص العربية
_zمصر
_yقرن 20
_2aucsh
942 _2ddc
_cBOOK
_n0
949 _aSA-JeALM
_d250309
_umohamedma123
_n1
999 _c6344
_d6344